000 00519nam a2200193Ia 4500
008 151121s9999||||xx |||||||||||||| ||und||
082 _a920
082 _bHNW-3483
100 _aHindi A।K।
245 _aM।N।ROY : The Man Who Looked Ahead
260 _b"Modern pub।, Ahemedabad"
260 _c--
300 _a241
600 _aHindi A।K।
630 _aM।N।ROY : The Man Who Looked Ahead
700 _aHindi A।K।
730 _aM।N।ROY : The Man Who Looked Ahead
942 _cBOOK
999 _c1212108
_d1212105